5SOS5 - 5 Seconds of Summer (Album) - Statistics

General Stats
  • This quiz has been taken 466 times
  • The average score is 16 of 19
Answer Stats
Track 5SOS5 % Correct
6. CAROUSEL
90%
4. Me Myself & I
90%
1. COMPLETE MESS
89%
3. Bad Omens
87%
7. Older
87%
10. BLENDER
86%
11. Caramel
86%
18. Bloodhound
85%
5. Take My Hand
85%
19. TEARS!
85%
2. Easy For You To Say
83%
9. You Don't Go To Parties
83%
17. Emotions
82%
13. Bleach
81%
14. Red Line
81%
8. HAZE
80%
16. Flatline
79%
12. Best Friends
78%
15. Moodswings
75%
No matching quizzes found
Score Distribution
Percent of People with Each Score
Percentile by Number Answered
Your Score History
You have not taken this quiz